Normal view MARC view
  • Free thought.

Entry Topical Term

Number of records used in: 3

001 - CONTROL NUMBER

  • control field: 6399

003 - CONTROL NUMBER IDENTIFIER

  • control field: NUST

005 - DATE AND TIME OF LATEST TRANSACTION

  • control field: 20171115122404.0

008 - FIXED-LENGTH DATA ELEMENTS

  • fixed length control field: 171115|| aca||aabn | a|a d

040 ## - CATALOGING SOURCE

  • Original cataloging agency: NUST
  • Transcribing agency: NUST

150 ## - HEADING--TOPICAL TERM

  • Topical term or geographic name entry element: Free thought.

670 ## - SOURCE DATA FOUND

  • Source citation: Work cat.: (NUST)0: Russell, Bertrand, 1872-1970. 1985, Why I am not a Christian /, 1929.
© 2023 Central Library, National University of Sciences and Technology. All Rights Reserved.